000 00640nam a2200229Ia 4500
003 OSt
005 20221006145402.0
006 a|||||r|||| 00| 0
007 ta
008 221006b |||||||| |||| 00| 0 eng d
024 _a14,672
037 _bGift,
_cTextual
040 _aEASL
_cEASL
_beng
041 _2eng
_aeng
082 _aO41,3x, M0
100 _aSUCHU Zhang Tr.
_9654282
245 0 _aFrog rider
_b Folk tales from China (first series)
260 _aBeijing
_bForeign Languages Press
_c1980
300 _a140p.
_ccm.
942 _hO41,3x, M0
_cTEXL
_2CC
999 _c1082758
_d1082758